[Event "82nd Tata Steel Challengers 2020"]
[Site "Wijk aan Zee"]
[Date "2020.01.13"]
[Round "3.6"]
[White "L'Ami, Erwin"]
[Black "Van Foreest, Lucas"]
[Result "1/2-1/2"]
[WhiteElo "2606"]
[BlackElo "2523"]
[Annotator "TA"]
[PlyCount "74"]
[EventDate "2020.01.11"]
[EventType "tourn"]
[EventCountry "NED"]
[SourceTitle "playchess.com"]
[Source "ChessBase"]
[SourceQuality "1"]

1. e4 e5 2. Nf3 Nc6 3. Bb5 Nf6 4. O-O Nxe4 5. Re1 Nd6 6. Nxe5 Be7 7. Bf1 Nxe5 8. Rxe5 O-O 9. Nc3 Ne8 10. Nd5 Bd6 11. Re1 c6 12. Ne3 Be7 13. Nf5 Bf6 14. Qe2 Kh8 15. Ne7 Nc7 16. Nxc8 Qxc8 17. c3 d5 18. d4 Re8 19. Be3 Bg5 20. Qf3 Bxe3 21. fxe3 f5 22. Bd3 g6 23. g4 fxg4 24. Qf6+ Kg8 25. e4 dxe4 26. Bxe4 Qe6 27. Qf4 Qd7 28. Bd3 Kg7 29. Re5 Nd5 30. Qg5 Qd8 31. Qxg4 Rxe5 32. dxe5 Ne3 33. Qf4 Qxd3 34. Qf6+ Kh6 35. Qh4+ Kg7 36. Qf6+ Kh6 37. Qh4+ Kg7 1/2-1/2

[Event "84th Tata Steel Challengers 2022"]
[Site "Wijk aan Zee"]
[Date "2022.01.17"]
[Round "3.6"]
[White "Shuvalova, Polina"]
[Black "L'Ami, Erwin"]
[Result "0-1"]
[WhiteElo "2516"]
[BlackElo "2622"]
[Annotator "TA"]
[PlyCount "84"]
[EventDate "2022.01.15"]
[EventType "tourn"]
[EventCountry "NED"]
[SourceTitle "playchess.com"]
[Source "ChessBase"]
[SourceQuality "1"]

1. d4 d5 2. c4 e6 3. Nc3 c6 4. Nf3 dxc4 5. e4 b5 6. Be2 Bb7 7. O-O Nf6 8. b3 cxb3 9. Qxb3 Be7 10. e5 Nd5 11. Nxd5 Qxd5 12. Qb1 Nd7 13. a4 b4 14. a5 Rb8 15. Bg5 Bxg5 16. Nxg5 Qxd4 17. Nxf7 Kxf7 18. Rd1 Qxe5 19. Rxd7+ Kf6 20. Qd1 c5 21. Bf3 Bxf3 22. Qxf3+ Kg5 23. h4+ Kh6 24. g4 Rhf8 25. g5+ Kg6 26. Qd3+ Qf5 27. Qg3 Qf4 28. Qg2 Qf3 29. Qh2 Rf4 30. Re1 Rbf8 31. h5+ Kxg5 32. Rxg7+ Kh6 33. Rg2 Re4 34. Rc1 Rg4 35. Rxg4 Qxg4+ 36. Kf1 c4 37. Qd6 Qf4 38. Qxe6+ Rf6 39. Qe1 c3 40. Rc2 Qc4+ 41. Kg1 Rf5 42. f4 Qxf4 0-1

[Event "85th Tata Steel Challengers 2023"]
[Site "Wijk aan Zee"]
[Date "2023.01.16"]
[Round "3.6"]
[White "Beerdsen, Thomas"]
[Black "Pechac, Jergus"]
[Result "1/2-1/2"]
[WhiteElo "2515"]
[BlackElo "2637"]
[Annotator "TA"]
[PlyCount "71"]
[EventDate "2023.01.10"]
[EventType "tourn"]
[EventCountry "NED"]
[SourceTitle "playchess.com"]
[Source "ChessBase"]
[SourceQuality "1"]

1. e4 e5 2. Nf3 Nc6 3. Bc4 Bc5 4. b4 Bxb4 5. c3 Ba5 6. d4 d6 7. Qb3 Qd7 8. O-O Bb6 9. Nbd2 Na5 10. Qc2 f6 11. a4 Ne7 12. Ba2 Nec6 13. Ba3 exd4 14. cxd4 Nxd4 15. Nxd4 Bxd4 16. Rad1 Qe7 17. e5 fxe5 18. Nf3 Nc6 19. Bd5 Kd8 20. Rfe1 Qf6 21. Bxc6 bxc6 22. Qxc6 Rb8 23. Rc1 Bb6 24. Nxe5 Re8 25. Bxd6 cxd6 26. Nf7+ Qxf7 27. Qxd6+ Qd7 28. Rxe8+ Kxe8 29. Qxb8 Kd8 30. Qf4 Qf5 31. Qg3 g6 32. a5 Bxa5 33. Qd6+ Bd7 34. Qb8+ Ke7 35. Qxa7 Qd5 36. Qc5+ 1/2-1/2

[Event "82nd Tata Steel Masters 2020"]
[Site "Wijk aan Zee"]
[Date "2020.01.13"]
[Round "3.7"]
[White "Caruana, Fabiano"]
[Black "Yu, Yangyi"]
[Result "1-0"]
[WhiteElo "2822"]
[BlackElo "2726"]
[Annotator "TA"]
[PlyCount "96"]
[EventDate "2020.01.11"]
[EventType "tourn"]
[EventCountry "NED"]
[SourceTitle "playchess.com"]
[Source "ChessBase"]
[SourceQuality "1"]

1. e4 e5 2. Nf3 Nf6 3. d4 Nxe4 4. Bd3 d5 5. Nxe5 Nd7 6. O-O Nxe5 7. dxe5 Nc5 8. Be3 c6 9. f4 Nxd3 10. Qxd3 g6 11. Nc3 b6 12. Rad1 Bg7 13. b4 Bf5 14. Qe2 Qc8 15. h3 O-O 16. g4 Be6 17. b5 f5 18. exf6 Bxf6 19. Bd4 Bxd4+ 20. Rxd4 cxb5 21. Nxb5 Bd7 22. Rxd5 Bxb5 23. Rxb5 Qc3 24. Rb3 Qc5+ 25. Kg2 Rae8 26. Qd2 Re4 27. Rf2 Qc6 28. Kg3 Rc4 29. Rd3 Rf7 30. Rd6 Qc5 31. f5 Qe5+ 32. Kg2 Rc3 33. Rf3 Rxf3 34. Kxf3 Re7 35. Rd5 Qe4+ 36. Kg3 Kg7 37. Rd6 Qe5+ 38. Kh4 gxf5 39. Qh6+ Kg8 40. Rd8+ Re8 41. Rd7 Re7 42. Qg5+ Kf7 43. Rxe7+ Qxe7 44. Qxe7+ Kxe7 45. gxf5 Kf6 46. Kg4 Ke5 47. Kg5 b5 48. c3 Kd5 1-0

[Event "83rd Tata Steel Masters 2021"]
[Site "Wijk aan Zee"]
[Date "2021.01.18"]
[Round "3.7"]
[White "Firouzja, Alireza"]
[Black "Anton Guijarro, David"]
[Result "1-0"]
[WhiteElo "2749"]
[BlackElo "2679"]
[Annotator "TA"]
[PlyCount "121"]
[EventDate "2021.01.16"]
[EventType "tourn"]
[EventCountry "NED"]
[SourceTitle "playchess.com"]
[Source "ChessBase"]
[SourceQuality "1"]

1. d4 Nf6 2. Nf3 d5 3. Bf4 c5 4. e3 Nc6 5. Nbd2 cxd4 6. exd4 Bf5 7. Bb5 Rc8 8. c3 e6 9. Qe2 Nd7 10. h4 a6 11. Bd3 Bxd3 12. Qxd3 Be7 13. Kf1 Qb6 14. Rb1 Qb5 15. Qxb5 axb5 16. a3 h5 17. Nb3 f6 18. Re1 Kf7 19. Nc1 Nf8 20. Nd3 Ng6 21. Bg3 Na5 22. Kg1 Nc4 23. Re2 Rhe8 24. Kh2 Bf8 25. Rhe1 b6 26. Kg1 Ra8 27. Bf4 Rac8 28. g3 Rc6 29. Kg2 Be7 30. Ng1 Bf8 31. Nh3 Be7 32. Ng1 Bf8 33. Nf3 Be7 34. Kh3 Ra8 35. Bc1 Re8 36. g4 hxg4+ 37. Kxg4 Rh8 38. h5 Nf8 39. Nf4 Bd8 40. Rh1 Rg8 41. Nh4 Bc7 42. Nfg6 Nd7 43. Rhe1 Re8 44. Bf4 Bxf4 45. Nxf4 Rd6 46. Kh3 Nf8 47. Nfg6 Nh7 48. f4 Rdd8 49. Rg1 Nd6 50. Reg2 Rg8 51. Ne7 Ng5+ 52. fxg5 Kxe7 53. gxf6+ Kxf6 54. Rg6+ Kf7 55. Nf3 Rdf8 56. Ne5+ Ke7 57. Rxg7+ Rxg7 58. Rxg7+ Kf6 59. h6 Rh8 60. Kg4 Rxh6 61. Rd7 1-0

[Event "85th Tata Steel Masters 2023"]
[Site "Wijk aan Zee"]
[Date "2023.01.16"]
[Round "3.7"]
[White "Praggnanandhaa R"]
[Black "Keymer, Vincent"]
[Result "1/2-1/2"]
[WhiteElo "2684"]
[BlackElo "2696"]
[Annotator "TA"]
[PlyCount "156"]
[EventDate "2023.01.10"]
[EventType "tourn"]
[EventCountry "NED"]
[SourceTitle "playchess.com"]
[Source "ChessBase"]
[SourceQuality "1"]

1. d4 Nf6 2. c4 e6 3. Nc3 Bb4 4. Qc2 O-O 5. a3 Bxc3+ 6. Qxc3 d6 7. f3 b6 8. e4 Bb7 9. Ne2 c5 10. d5 exd5 11. exd5 Re8 12. a4 Nbd7 13. Kf2 Ne5 14. Ng3 a6 15. Be2 b5 16. b3 bxc4 17. bxc4 a5 18. Re1 Ba6 19. Rb1 Nfd7 20. Bd2 Qh4 21. Rec1 Rab8 22. Rxb8 Rxb8 23. Kg1 Qd4+ 24. Qxd4 cxd4 25. f4 d3 26. fxe5 dxe2 27. exd6 Rc8 28. Nxe2 Rxc4 29. Rxc4 Bxc4 30. Nd4 Kf8 31. Bxa5 Ke8 32. Bd2 Nc5 33. a5 Bxd5 34. Bb4 Na6 35. Ba3 Kd7 36. Kf2 Nb8 37. Nf5 g6 38. Ne7 Bb7 39. g3 Nc6 40. Nd5 Nxa5 41. Nf6+ Kd8 42. Nxh7 Nc4 43. Bb4 Ne5 44. Ke3 Kd7 45. Ng5 Ba8 46. h4 Nc4+ 47. Kd4 Nxd6 48. Bxd6 Kxd6 49. Nxf7+ Ke6 50. Nh6 Bb7 51. Ke3 Ke5 52. Ng4+ Kf5 53. Nh2 Bc8 54. g4+ Kf6 55. Kf3 g5 56. h5 Kg7 57. Kg3 Kh6 58. Nf3 Be6 59. Nd4 Bd7 60. Kf3 Bc8 61. Nb5 Bb7+ 62. Kf2 Bc8 63. Kg3 Bd7 64. Nd6 Be6 65. Kf3 Bd5+ 66. Kf2 Be6 67. Kg3 Kg7 68. Nf5+ Kf6 69. Nd4 Bc8 70. Nf3 Be6 71. Nd4 Bc8 72. Nc2 Be6 73. Kf3 Bd5+ 74. Kf2 Be6 75. Kg3 Kf7 76. Ne3 Kg7 77. Kf3 Kh6 78. Ke4 Bxg4 1/2-1/2

[Event "84th Tata Steel Masters 2022"]
[Site "Wijk aan Zee"]
[Date "2022.01.17"]
[Round "3.7"]
[White "Grandelius, Nils"]
[Black "Rapport, Richard"]
[Result "0-1"]
[WhiteElo "2672"]
[BlackElo "2763"]
[Annotator "TA"]
[PlyCount "62"]
[EventDate "2022.01.15"]
[EventType "tourn"]
[EventCountry "NED"]
[SourceTitle "playchess.com"]
[Source "ChessBase"]
[SourceQuality "1"]

1. e4 c5 2. Nf3 e6 3. d4 cxd4 4. Nxd4 Nc6 5. Nc3 Qc7 6. g4 h6 7. Be3 Nf6 8. f3 a6 9. Qd2 Ne5 10. f4 Nc4 11. Bxc4 Qxc4 12. e5 Nxg4 13. Rg1 Nxe3 14. Qxe3 b5 15. O-O-O Bb7 16. Kb1 O-O-O 17. Ne4 Kb8 18. Rd3 Rc8 19. Rgd1 Be7 20. Rc3 Qa4 21. Rcd3 Bxe4 22. b3 Qa5 23. Qxe4 Rc7 24. f5 Rhc8 25. Rg3 Ba3 26. h4 Qb4 27. h5 Rc3 28. Rxg7 Rh3 29. Qe1 Rh1 30. Rg1 Rxg1 31. Qxg1 Qc3 0-1

[Event "85th Tata Steel Challengers 2023"]
[Site "Wijk aan Zee"]
[Date "2023.01.16"]
[Round "3.7"]
[White "Sindarov, Javokhir"]
[Black "Vaishali, Rameshbabu"]
[Result "1-0"]
[WhiteElo "2654"]
[BlackElo "2425"]
[Annotator "TA"]
[PlyCount "73"]
[EventDate "2023.01.10"]
[EventType "tourn"]
[EventCountry "NED"]
[SourceTitle "playchess.com"]
[Source "ChessBase"]
[SourceQuality "1"]

1. e4 c5 2. Nf3 Nc6 3. Bb5 e6 4. O-O Nge7 5. Re1 a6 6. Bf1 d5 7. d3 d4 8. e5 Ng6 9. g3 Qc7 10. Bg2 Ngxe5 11. Nxe5 Nxe5 12. Bf4 Bd6 13. Qh5 Ng6 14. Bxd6 Qxd6 15. Nd2 O-O 16. Ne4 Qc7 17. Qxc5 Qxc5 18. Nxc5 Ra7 19. Nb3 Rd8 20. Na5 Ne7 21. a4 Nd5 22. Bxd5 Rxd5 23. Nc4 a5 24. Nb6 Rc5 25. Re4 e5 26. Nxc8 Rxc8 27. Rxe5 f6 28. Re7 Rxc2 29. Rae1 h5 30. Rd7 Rxb2 31. Ree7 Rb4 32. Rxg7+ Kh8 33. h4 Ra6 34. Rge7 Ra8 35. g4 Rb6 36. Rh7+ Kg8 37. Rxh5 1-0

[Event "84th Tata Steel Challengers 2022"]
[Site "Wijk aan Zee"]
[Date "2022.01.17"]
[Round "3.7"]
[White "Bjerre, Jonas Buhl"]
[Black "Maurizzi, Marc`Andria"]
[Result "1-0"]
[WhiteElo "2586"]
[BlackElo "2496"]
[Annotator "TA"]
[PlyCount "47"]
[EventDate "2022.01.15"]
[EventType "tourn"]
[EventCountry "NED"]
[SourceTitle "playchess.com"]
[Source "ChessBase"]
[SourceQuality "1"]

1. Nf3 d5 2. g3 Nd7 3. d4 Nb6 4. Nc3 c6 5. a4 a5 6. e4 dxe4 7. Nxe4 Nf6 8. Nc5 e5 9. Qe2 Bxc5 10. dxc5 Nbd7 11. Nxe5 O-O 12. Nxd7 Bxd7 13. Bg2 Re8 14. Be3 Ng4 15. O-O-O Nxe3 16. fxe3 Qc7 17. Rd6 Re5 18. Rhd1 Bf5 19. e4 Rae8 20. Qh5 g6 21. Qh4 Be6 22. Qf6 Bg4 23. Bf3 Bxf3 24. Rd7 1-0

[Event "80th Tata Steel Masters 2018"]
[Site "Wijk aan Zee"]
[Date "2018.01.16"]
[Round "4"]
[White "Caruana, Fabiano"]
[Black "So, Wesley"]
[Result "1/2-1/2"]
[WhiteElo "2811"]
[BlackElo "2792"]
[Annotator "TA"]
[PlyCount "96"]
[EventDate "2018.??.??"]
[EventType "tourn"]
[EventRounds "4"]
[EventCountry "NED"]
[SourceTitle "playchess.com"]
[Source "ChessBase"]
[SourceQuality "1"]

1. d4 Nf6 2. c4 e6 3. Nc3 Bb4 4. e3 O-O 5. Nge2 d5 6. a3 Be7 7. cxd5 exd5 8. Nf4 Re8 9. Bd3 Bd6 10. O-O Bxf4 11. exf4 Nc6 12. Be3 Ne7 13. Qc2 g6 14. f3 Bf5 15. g4 Bxd3 16. Qxd3 Kg7 17. Rae1 Qd7 18. Bf2 h5 19. h3 c6 20. Ne2 hxg4 21. hxg4 Nfg8 22. Bh4 f5 23. Ng3 Rf8 24. Re5 Rf7 25. Qe2 Kf8 26. Re6 Rc8 27. b4 b6 28. Re1 c5 29. bxc5 bxc5 30. dxc5 Qc7 31. Kg2 Qxc5 32. Qe5 fxg4 33. fxg4 d4 34. Qxc5 Rxc5 35. Ne4 Rc2+ 36. Kf3 Nd5 37. Bg5 Rh7 38. Nd6 d3 39. f5 Rh3+ 40. Ke4 d2 41. Rf1 d1=Q 42. Rxd1 Nc3+ 43. Kd4 Nxd1 44. f6 Nxf6 45. Bxf6 Rd2+ 46. Kc5 Rc2+ 47. Kd4 Rd2+ 48. Kc5 Rc2+ 1/2-1/2

[Event "80th Tata Steel Masters 2018"]
[Site "Wijk aan Zee"]
[Date "2018.01.16"]
[Round "4"]
[White "Wei, Yi"]
[Black "Jones, Gawain C B"]
[Result "1-0"]
[WhiteElo "2743"]
[BlackElo "2640"]
[Annotator "TA"]
[PlyCount "95"]
[EventDate "2018.??.??"]
[EventType "tourn"]
[EventRounds "4"]
[EventCountry "NED"]
[SourceTitle "playchess.com"]
[Source "ChessBase"]
[SourceQuality "1"]

1. d4 Nf6 2. c4 g6 3. Nc3 Bg7 4. e4 d6 5. h3 O-O 6. Nf3 e5 7. d5 a5 8. Bg5 Na6 9. Be2 Qe8 10. g4 Kh8 11. Nd2 Ng8 12. h4 f5 13. gxf5 gxf5 14. Bh5 Qd7 15. Qe2 Nf6 16. Bf3 fxe4 17. Ndxe4 Nxe4 18. Nxe4 Nb4 19. Bg2 Qa4 20. Nc3 Qc2 21. Be4 Qxe2+ 22. Kxe2 Bg4+ 23. f3 Bh5 24. Rag1 Rf7 25. Be3 Bf6 26. Rg5 Bg6 27. Bxg6 hxg6 28. Rxg6 Nc2 29. Ne4 Be7 30. Ng5 Rf6 31. Rxf6 Bxf6 32. Ne6 Nxe3 33. Kxe3 Rg8 34. Ke4 c6 35. Kf5 Be7 36. Ng5 Re8 37. Ne4 Kg7 38. Ke6 Bf8+ 39. Kd7 Re7+ 40. Kxd6 Kf7 41. Rg1 cxd5 42. cxd5 Ke8 43. Nf6+ Kd8 44. Rg8 Re8+ 45. Rxf8 Rxf8 46. Ke6 Rh8 47. h5 b5 48. d6 1-0

[Event "80th Tata Steel Challengers 2018"]
[Site "Wijk aan Zee"]
[Date "2018.01.16"]
[Round "4"]
[White "Vidit, Santosh Gujrathi"]
[Black "Harika, Dronavalli"]
[Result "1-0"]
[WhiteElo "2718"]
[BlackElo "2497"]
[Annotator "TA"]
[PlyCount "78"]
[EventDate "2018.??.??"]
[EventType "tourn"]
[EventCountry "NED"]
[SourceTitle "playchess.com"]
[Source "ChessBase"]
[SourceQuality "1"]

1. e4 c5 2. Nf3 d6 3. Bb5+ Nd7 4. O-O Ngf6 5. Re1 a6 6. Bd3 b5 7. c4 b4 8. a3 bxa3 9. Rxa3 e5 10. Nc3 Be7 11. Bc2 O-O 12. d3 Nb8 13. Ba4 Bd7 14. Bg5 Ra7 15. Bxf6 Bxf6 16. Nd5 Be6 17. Qb3 Bxd5 18. cxd5 Qc7 19. Nd2 Rb7 20. Qc3 Rb4 21. Nc4 Be7 22. Rea1 g6 23. Rb3 Rxb3 24. Bxb3 Bd8 25. Ba4 f5 26. Ra3 fxe4 27. dxe4 Qf7 28. Qc2 Bh4 29. g3 Be7 30. Rb3 Qf6 31. Rb7 h5 32. h4 Kh8 33. Qe2 Kg8 34. Qe3 Rd8 35. Kg2 Qf8 36. Na5 Rc8 37. Nc6 Bf6 38. Qf3 Nxc6 39. dxc6 Bd8 1-0

[Event "80th Tata Steel Masters 2018"]
[Site "Wijk aan Zee"]
[Date "2018.01.16"]
[Round "4"]
[White "Hou, Yifan"]
[Black "Matlakov, Maxim"]
[Result "0-1"]
[WhiteElo "2680"]
[BlackElo "2718"]
[Annotator "TA"]
[PlyCount "108"]
[EventDate "2018.??.??"]
[EventType "tourn"]
[EventRounds "4"]
[EventCountry "NED"]
[SourceTitle "playchess.com"]
[Source "ChessBase"]
[SourceQuality "1"]

1. e4 e5 2. Nf3 Nc6 3. Bb5 a6 4. Ba4 Nf6 5. O-O Be7 6. Re1 b5 7. Bb3 O-O 8. c3 d5 9. d4 exd4 10. e5 Ne4 11. cxd4 Bf5 12. Nc3 Nxc3 13. bxc3 Na5 14. Bc2 Bxc2 15. Qxc2 Nc4 16. a4 Qd7 17. Bg5 bxa4 18. Rxa4 a5 19. Rea1 Rfb8 20. R4a2 Bxg5 21. Nxg5 g6 22. h3 Rb6 23. Nf3 Rab8 24. Qc1 Kg7 25. Kh2 Qf5 26. Nd2 Nb2 27. Nf3 a4 28. Rxa4 Nxa4 29. Rxa4 Rb2 30. Qe3 Qe4 31. Qxe4 dxe4 32. Ng5 Rxf2 33. Nxe4 Re2 34. Nf6 Rbb2 35. Kg3 Re3+ 36. Kf4 Rxc3 37. Ra8 Rxg2 38. Rg8+ Kh6 39. Rh8 Rf2+ 40. Ke4 Rxf6 41. exf6 Kg5 42. Rxh7 Kxf6 43. Rh8 Kg5 44. h4+ Kg4 45. d5 Rc4+ 46. Ke5 f5 47. h5 Re4+ 48. Kf6 gxh5 49. Rc8 f4 50. Rxc7 f3 51. Rg7+ Kf4 52. Rh7 f2 53. Rxh5 Kg3 54. Rg5+ Rg4 0-1

[Event "80th Tata Steel Masters 2018"]
[Site "Wijk aan Zee"]
[Date "2018.01.16"]
[Round "4"]
[White "Adhiban, B."]
[Black "Anand, Viswanathan"]
[Result "1/2-1/2"]
[WhiteElo "2655"]
[BlackElo "2767"]
[Annotator "TA"]
[PlyCount "76"]
[EventDate "2018.??.??"]
[EventType "tourn"]
[EventRounds "4"]
[EventCountry "NED"]
[SourceTitle "playchess.com"]
[Source "ChessBase"]
[SourceQuality "1"]

1. Nf3 d5 2. c4 d4 3. b4 c5 4. g3 cxb4 5. a3 b3 6. d3 Nc6 7. Nbd2 e5 8. Bg2 Nf6 9. Nxb3 Be7 10. O-O O-O 11. Bg5 Rb8 12. Ne1 Bd7 13. Nc2 b5 14. Nd2 a6 15. Nb4 Nxb4 16. axb4 bxc4 17. Nxc4 Bb5 18. Nxe5 Bxb4 19. Rb1 a5 20. Ng4 Rb6 21. Qc1 Qc8 22. Ne5 Qe6 23. Nf3 Qxe2 24. Nxd4 Qxd3 25. Rd1 Qg6 26. Bxf6 Qxf6 27. Nxb5 Rxb5 28. Qc6 Qf5 29. Be4 Qe5 30. Rd7 Rc5 31. Qb7 g6 32. Bd5 Qf6 33. Rb3 Rc3 34. Rxc3 Bxc3 35. Rxf7 Rxf7 36. Bxf7+ Qxf7 37. Qc8+ Qf8 38. Qc4+ Qf7 1/2-1/2

[Event "80th Tata Steel Challengers 2018"]
[Site "Wijk aan Zee"]
[Date "2018.01.16"]
[Round "4"]
[White "Korobov, Anton"]
[Black "Girya, Olga"]
[Result "1-0"]
[WhiteElo "2652"]
[BlackElo "2489"]
[Annotator "TA"]
[PlyCount "143"]
[EventDate "2018.??.??"]
[EventType "tourn"]
[EventCountry "NED"]
[SourceTitle "playchess.com"]
[Source "ChessBase"]
[SourceQuality "1"]

1. c4 Nf6 2. Nf3 e6 3. g3 d5 4. d4 Bb4+ 5. Bd2 Be7 6. Bg2 O-O 7. Qc2 Nbd7 8. O-O c6 9. a4 Ne4 10. Bf4 g5 11. Bc1 f5 12. b3 Bf6 13. Bb2 Bg7 14. Nbd2 a5 15. Rad1 Qe7 16. Qc1 g4 17. Ne1 Nxd2 18. Rxd2 Rd8 19. Nd3 Nf6 20. Rc2 Ne4 21. Ba3 Qe8 22. Ne5 Nd6 23. h3 gxh3 24. Bf3 Ne4 25. Qf4 c5 26. Bxe4 dxe4 27. Bxc5 Qh5 28. Kh2 Bh6 29. Qh4 Qxh4 30. gxh4 Bf4+ 31. Kxh3 Bxe5 32. dxe5 Bd7 33. Be7 Re8 34. Bf6 Kf7 35. h5 Bc6 36. Rd2 e3 37. fxe3 Rg8 38. e4 Rae8 39. e3 Bxe4 40. Rd7+ Kf8 41. Rf2 h6 42. Rfd2 Rg1 43. Rd1 Rxd1 44. Rxd1 Bc6 45. Rg1 Be4 46. Kh4 Ra8 47. Bg7+ Kf7 48. Bxh6 Rg8 49. Bg5 Bc2 50. Rg2 Be4 51. Rd2 Bc6 52. Rd4 Re8 53. Bd8 Rg8 54. Bxa5 Rg1 55. b4 Bxa4 56. b5 Rg4+ 57. Kh3 Kg7 58. Rd7+ Kh6 59. Rxb7 Rxc4 60. b6 Rc5 61. Bd2 Rc2 62. Rb8 Bc6 63. Rh8+ Kg7 64. Rd8 Kh6 65. Kh4 Be4 66. b7 Bxb7 67. e4+ Kh7 68. Rd7+ Kg8 69. exf5 exf5 70. Rxb7 Rxd2 71. Kg5 Rh2 72. e6 1-0

[Event "80th Tata Steel Challengers 2018"]
[Site "Wijk aan Zee"]
[Date "2018.01.16"]
[Round "4"]
[White "Bluebaum, Matthias"]
[Black "Tari, Aryan"]
[Result "1/2-1/2"]
[WhiteElo "2640"]
[BlackElo "2599"]
[Annotator "TA"]
[PlyCount "83"]
[EventDate "2018.??.??"]
[EventType "tourn"]
[EventCountry "NED"]
[SourceTitle "playchess.com"]
[Source "ChessBase"]
[SourceQuality "1"]

1. Nf3 Nf6 2. c4 c5 3. Nc3 d5 4. cxd5 Nxd5 5. e3 Nxc3 6. dxc3 Qc7 7. e4 Nc6 8. Qd2 e6 9. Qg5 h6 10. Qg3 Qxg3 11. hxg3 Bd6 12. Be3 b6 13. g4 O-O 14. O-O-O Rd8 15. Nd2 Bb7 16. f4 Kf8 17. Be2 Rac8 18. Kb1 Bb8 19. Rh5 Ne7 20. Kc1 f5 21. Bc4 fxe4 22. Bxe6 Rd3 23. Re1 Rcd8 24. f5 Nd5 25. Bxd5 R8xd5 26. c4 Bg3 27. Re2 Rd6 28. g5 hxg5 29. Bxg5 R6d4 30. f6 gxf6 31. Bxf6 Rd6 32. Be5 Bxe5 33. Rxe5 e3 34. R5xe3 Rxe3 35. Rxe3 Bxg2 36. Kc2 Kf7 37. Kc3 Re6 38. Rg3 Rg6 39. Rxg6 Kxg6 40. b4 cxb4+ 41. Kxb4 Bc6 42. c5 1/2-1/2

[Event "80th Tata Steel Challengers 2018"]
[Site "Wijk aan Zee"]
[Date "2018.01.16"]
[Round "4"]
[White "Xiong, Jeffery"]
[Black "Van Foreest, Jorden"]
[Result "1/2-1/2"]
[WhiteElo "2634"]
[BlackElo "2629"]
[Annotator "TA"]
[PlyCount "59"]
[EventDate "2018.??.??"]
[EventType "tourn"]
[EventCountry "NED"]
[SourceTitle "playchess.com"]
[Source "ChessBase"]
[SourceQuality "1"]

1. e4 e6 2. d4 d5 3. Nd2 Be7 4. Ngf3 Nf6 5. e5 Nfd7 6. Bd3 c5 7. c3 Nc6 8. O-O g5 9. Qe2 h5 10. Qe3 Qb6 11. b4 cxd4 12. cxd4 Nxb4 13. Rb1 Qa5 14. Be2 g4 15. Ne1 Nb6 16. Nb3 Qa4 17. Nc5 Bxc5 18. dxc5 Nc4 19. Qg5 Qxa2 20. Qg7 Qxb1 21. Qxh8+ Kd7 22. Bg5 Qe4 23. Bxc4 Qxc4 24. Qd8+ Kc6 25. Qe8+ Kxc5 26. Be7+ Kb6 27. Bd8+ Kc5 28. Be7+ Kb6 29. Bd8+ Kc5 30. Be7+ 1/2-1/2

[Event "80th Tata Steel Challengers 2018"]
[Site "Wijk aan Zee"]
[Date "2018.01.16"]
[Round "4"]
[White "Gordievsky, Dmitry"]
[Black "Krasenkow, Michal"]
[Result "1/2-1/2"]
[WhiteElo "2622"]
[BlackElo "2671"]
[Annotator "TA"]
[PlyCount "142"]
[EventDate "2018.??.??"]
[EventType "tourn"]
[EventCountry "NED"]
[SourceTitle "playchess.com"]
[Source "ChessBase"]
[SourceQuality "1"]

1. c4 c5 2. g3 g6 3. Bg2 Bg7 4. Nc3 Nc6 5. d3 e6 6. e4 Nge7 7. Nge2 O-O 8. O-O d6 9. Rb1 b6 10. a3 Bb7 11. b4 Nd4 12. Be3 Qd7 13. Qd2 Nxe2+ 14. Nxe2 cxb4 15. axb4 d5 16. Qa2 Rfd8 17. Rfc1 Nc6 18. Bg5 Re8 19. cxd5 exd5 20. exd5 Ne7 21. Nf4 Qd6 22. Re1 Nf5 23. Rxe8+ Rxe8 24. Qxa7 Ba8 25. Qa4 Kf8 26. Nh3 Bxd5 27. Bf4 Qd8 28. Bc7 Qxc7 29. Bxd5 Nd4 30. Kg2 Rd8 31. Qa2 Qd7 32. Be4 Nb5 33. Rc1 Nd4 34. Qc4 Bh6 35. Ra1 f5 36. Ba8 Kg7 37. b5 Rc8 38. Ra7 Qxa7 39. Qxd4+ Kf7 40. Bd5+ Ke8 41. Bc6+ Kf7 42. Nf4 Qe7 43. Bd5+ Ke8 44. Bc6+ Kf7 45. Nd5 Qd8 46. Qc4 Kg7 47. Qd4+ Kf7 48. Qc4 Kg7 49. h4 Kh8 50. Qd4+ Bg7 51. Qxb6 Qxb6 52. Nxb6 Rd8 53. Nd5 Bd4 54. Nf4 Rd6 55. Kf3 Kg7 56. Ke2 h6 57. Nd5 g5 58. h5 Kf7 59. f3 Re6+ 60. Kd2 Bf2 61. g4 fxg4 62. fxg4 Bd4 63. Kc2 Re2+ 64. Kb3 Ke6 65. Kc4 Ke5 66. Nb4 Re1 67. Be4 Rc1+ 68. Kb3 Rc3+ 69. Ka4 Bc5 70. b6 Bxb6 71. Nd5 Rxd3 1/2-1/2

[Event "80th Tata Steel Challengers 2018"]
[Site "Wijk aan Zee"]
[Date "2018.01.16"]
[Round "4"]
[White "Bok, Benjamin"]
[Black "L'Ami, Erwin"]
[Result "1/2-1/2"]
[WhiteElo "2607"]
[BlackElo "2634"]
[Annotator "TA"]
[PlyCount "71"]
[EventDate "2018.??.??"]
[EventType "tourn"]
[EventCountry "NED"]
[SourceTitle "playchess.com"]
[Source "ChessBase"]
[SourceQuality "1"]

1. c4 e6 2. Nf3 d5 3. g3 Nf6 4. Bg2 Be7 5. O-O O-O 6. b3 b6 7. Nc3 Bb7 8. d4 Ne4 9. Bb2 Nd7 10. Qc2 Nxc3 11. Bxc3 Nf6 12. Rfd1 Qc8 13. Rac1 dxc4 14. bxc4 Be4 15. Qb3 Qb7 16. Ne1 Bxg2 17. Nxg2 Rfd8 18. Nf4 c6 19. f3 b5 20. e4 Nd7 21. cxb5 Qxb5 22. Qxb5 cxb5 23. d5 Nf8 24. Ba5 Rd7 25. Kg2 exd5 26. Nxd5 f6 27. Nxe7+ Rxe7 28. Rd5 Rb8 29. Bb4 Reb7 30. f4 a5 31. Bxa5 Ra7 32. Bb4 Rxa2+ 33. Kf3 Rxh2 34. Rc7 Kh8 35. Rdc5 Ra2 36. Rd5 1/2-1/2

[Event "80th Tata Steel Challengers 2018"]
[Site "Wijk aan Zee"]
[Date "2018.01.16"]
[Round "4"]
[White "Van Foreest, Lucas"]
[Black "Amin, Bassem"]
[Result "1-0"]
[WhiteElo "2481"]
[BlackElo "2693"]
[Annotator "TA"]
[PlyCount "91"]
[EventDate "2018.??.??"]
[EventType "tourn"]
[EventCountry "NED"]
[SourceTitle "playchess.com"]
[Source "ChessBase"]
[SourceQuality "1"]

1. e4 e5 2. Nf3 Nc6 3. Bc4 Nf6 4. Ng5 d5 5. exd5 Na5 6. Bb5+ c6 7. dxc6 bxc6 8. Qf3 Be7 9. Bd3 O-O 10. Nc3 h6 11. Nge4 Nxe4 12. Qxe4 f5 13. Qxe5 Bd6 14. Qd4 Bb7 15. b4 c5 16. bxc5 Qe8+ 17. Kf1 Be5 18. Qb4 Qd8 19. c6 Bxc6 20. Ba3 Qg5 21. f3 Qxd2 22. Bb2 Rab8 23. Qc5 Rfe8 24. Rd1 Qg5 25. Bc1 Qh4 26. Ne2 Qh5 27. Qxa5 Bxf3 28. Qd2 f4 29. Bc4+ Kh8 30. Bd5 Bxd5 31. Qxd5 f3 32. Ng3 Qh4 33. Kf2 Rbd8 34. Qxf3 Rf8 35. Rxd8 Qxd8 36. Nf5 g6 37. Rd1 Qc7 38. Kg1 Rxf5 39. Qe3 Bg7 40. Bb2 Rh5 41. h3 Kh7 42. Bxg7 Kxg7 43. Qe8 Qc5+ 44. Kh1 Re5 45. Rd7+ Kf6 46. Rf7+ 1-0

[Event "81st Tata Steel Tienkamp 2019"]
[Site "Wijk aan Zee"]
[Date "2019.01.21"]
[Round "4"]
[White "Rapport, Jovana"]
[Black "Beerdsen, Thomas"]
[Result "1/2-1/2"]
[WhiteElo "2375"]
[BlackElo "2484"]
[Annotator "TA"]
[PlyCount "75"]
[EventDate "2019.01.12"]
[EventType "tourn"]
[EventCountry "NED"]
[SourceTitle "playchess.com"]
[Source "ChessBase"]
[SourceQuality "1"]

1. d4 Nf6 2. Nf3 e6 3. Bf4 d5 4. e3 c5 5. Be2 Nc6 6. O-O Bd6 7. dxc5 Bxf4 8. exf4 Qa5 9. Nbd2 Qxc5 10. Nb3 Qd6 11. g3 O-O 12. Nbd4 Ne4 13. c3 Bd7 14. Bd3 Nxd4 15. Nxd4 Nf6 16. Re1 Rfc8 17. Qe2 a6 18. a4 a5 19. h4 h6 20. Kg2 Re8 21. Bc2 Bc6 22. Qe5 Qd8 23. f3 Nd7 24. Qd6 Ra6 25. Qa3 Nb6 26. b3 Ra8 27. Re3 Rc8 28. Rae1 Nd7 29. Bb1 b6 30. Qb2 Qf6 31. Qc2 Nf8 32. h5 Bd7 33. Qd2 Rc5 34. Bd3 Rec8 35. Ba6 Ra8 36. Bf1 Rac8 37. Ba6 Ra8 38. Bf1 1/2-1/2